000 00825nam a2200241Ia 4500
001 dia_4255
003 CHAP
005 20251029161251.0
008 220117s1981 xx 000 0 und d
010 _a174903
040 _cCHAP
_amxchpua
090 _aFOLLETO 2781
100 _aMinisterio de agricultura, pesca y alimentación
_9155763
245 _aCaña de azucar. Memoria de los ensayos y trabajos realizados en la campaña 1980-81 /
_c Ministerio de agricultura, pesca y alimentación
260 _aMéxico :
_b Instituto nacional de investigaciones agrarias,
_c1981
300 _a29 p.
500 _aD. (Serie producción vegetal, 49)
650 _aCaña de azucar
901 _aFOLLETO 2781
902 _aM
905 _a0000001981 mx 0000000000spa00
942 _cFOLL
_2local
999 _c174903
_d174903